[Event "Baltic Sea Cup"]
[Site "Bornholm DEN"]
[Date "2008.08.04"]
[Round "8"]
[White "Gyimesi, Z."]
[Black "Savchenko, B."]
[Result "1-0"]
[WhiteElo "2586"]
[BlackElo "2578"]
[PlyCount "62"]
[EventDate "2008.07.29"]
[SourceDate "1999.07.01"]

1. d4 Nf6 2. c4 g6 3. Nc3 Bg7 4. e4 d6 5. Nf3 O-O 6. Be2 e5 7. O-O Nc6 8. d5
Ne7 9. b4 Nh5 10. Re1 a5 11. bxa5 Rxa5 12. a4 Nf4 13. Bf1 f5 14. Ra3 Kh8 15.
Nd2 fxe4 16. Ncxe4 Bd7 17. g3 Nh5 18. c5 Qa8 19. Nc4 Rxa4 20. cxd6 cxd6 21. Nb6
Rxa3 22. Nxa8 Raxa8 23. Nxd6 Nf6 24. Rxe5 Nc8 25. Nxc8 Bxc8 26. Bb2 Ra2 27. Re2
Rxb2 28. Rxb2 Nxd5 29. Rb3 Nc3 30. Qc2 Rf3 31. Bd3 Bf8 1-0

[Event "34th Open"]
[Site "Sitges ESP"]
[Date "2008.07.29"]
[Round "8"]
[White "Erdos, V."]
[Black "Grigore, Ge"]
[Result "1/2-1/2"]
[WhiteElo "2576"]
[BlackElo "2517"]
[PlyCount "151"]
[EventDate "2008.07.22"]
[SourceDate "1999.07.01"]

1. d4 Nf6 2. c4 g6 3. Nc3 Bg7 4. e4 d6 5. Nf3 O-O 6. Be2 e5 7. O-O exd4 8. Nxd4
Re8 9. f3 c6 10. Kh1 a6 11. Nc2 Be6 12. Bg5 h6 13. Bf4 d5 14. exd5 cxd5 15. Nd4
Bc8 16. c5 Nc6 17. Nxc6 bxc6 18. Bd6 d4 19. Qxd4 Ne4 20. Qd3 Nxd6 21. cxd6 Bf5
22. Qd2 Re6 23. Rad1 Bf8 24. Ne4 Bxe4 25. fxe4 Qxd6 26. Bc4 Qxd2 27. Rxd2 Rxe4
28. Bxf7+ Kg7 29. b3 Bb4 30. Rd7 Re7 31. Rxe7 Bxe7 32. Bc4 Bf6 33. Rd1 a5 34.
Rd7+ Kh8 35. Rd6 Kg7 36. Rxc6 Rd8 37. Rc7+ Kh8 38. g3 Rd2 39. a3 h5 40. Bf7 Kg7
41. Be8+ Kh6 42. Rc6 Kg7 43. b4 axb4 44. axb4 Re2 45. Rc8 h4 46. gxh4 Be5 47.
Rc6 Rxh2+ 48. Kg1 Rxh4 49. Rxg6+ Kf8 50. Re6 Bh2+ 51. Kg2 Bc7 52. b5 Rb4 53.
Kf3 Bd8 54. Bd7 Kf7 55. Rh6 Bg5 56. Ra6 Ke7 57. Bc6 Kd6 58. Be8+ Ke7 59. Ra8
Kd6 60. Ke2 Kc5 61. Rc8+ Kb6 62. Rc6+ Kb7 63. Re6 Rb3 64. Bc6+ Kc7 65. Rg6 Bf4
66. Rg7+ Kb6 67. Rg6 Kc7 68. Re6 Bg5 69. Re5 Bf4 70. Rf5 Bd6 71. Rf7+ Kb6 72.
Rf6 Kc5 73. Rf5+ Kb6 74. Rd5 Bf4 75. Rd3 Rxd3 76. Kxd3 1/2-1/2

[Event "Inautomarket Open"]
[Site "Minsk BLR"]
[Date "2008.07.14"]
[Round "5"]
[White "Zhigalko, A."]
[Black "Kislinsky, A."]
[Result "1-0"]
[WhiteElo "2551"]
[BlackElo "2501"]
[PlyCount "109"]
[EventDate "2008.07.10"]
[SourceDate "1999.07.01"]

1. d4 Nf6 2. c4 g6 3. Nc3 Bg7 4. e4 d6 5. Nf3 O-O 6. Be2 e5 7. O-O exd4 8. Nxd4
Re8 9. f3 Nh5 10. g4 Nf6 11. Kh1 Nc6 12. Be3 a5 13. Ndb5 Be6 14. Nd5 Bxd5 15.
cxd5 Nb4 16. Qd2 h5 17. Rac1 c6 18. dxc6 bxc6 19. Nxd6 Re6 20. Nxf7 Kxf7 21.
Bc4 Qe8 22. gxh5 Nxh5 23. Rfd1 Bf6 24. Qd7+ Qxd7 25. Rxd7+ Be7 26. a3 Nd5 27.
exd5 Rxe3 28. d6+ Ke8 29. Rxe7+ Rxe7 30. dxe7 Kxe7 31. Bd3 Nf4 32. Be4 Rb8 33.
Rc2 c5 34. Kg1 Kd6 35. Kf2 Rc8 36. Kg3 Ke5 37. Rc4 Ne6 38. h4 Kf6 39. b4 axb4
40. axb4 g5 41. hxg5+ Kxg5 42. Bd5 Ng7 43. bxc5 Nf5+ 44. Kf2 Rb8 45. Be4 Ng7
46. c6 Rc8 47. Ke3 Kf6 48. Rd4 Rc7 49. Rd6+ Ke7 50. Rg6 Kf7 51. f4 Ra7 52. f5
Ra3+ 53. Kf4 Ra5 54. c7 Rc5 55. Rc6 1-0

[Event "Inautomarket Open"]
[Site "Minsk BLR"]
[Date "2008.07.15"]
[Round "6"]
[White "Aleksandrov, A."]
[Black "Zhigalko, A."]
[Result "1-0"]
[WhiteElo "2574"]
[BlackElo "2551"]
[PlyCount "97"]
[EventDate "2008.07.10"]
[SourceDate "1999.07.01"]

1. d4 Nf6 2. c4 g6 3. Nc3 Bg7 4. e4 d6 5. Be2 O-O 6. Nf3 e5 7. O-O Nc6 8. d5
Ne7 9. b4 Nh5 10. Re1 a5 11. bxa5 Rxa5 12. Nd2 Nf4 13. Bf1 c5 14. a4 Ra6 15.
Ra3 h5 16. Nb5 f6 17. Kh1 Kf7 18. Nb3 g5 19. g3 Nfg6 20. Be2 g4 21. f3 Qd7 22.
fxg4 hxg4 23. Nd2 Bh6 24. Nf1 Ng8 25. Ne3 Bxe3 26. Bxe3 Kg7 27. Kg1 N8e7 28. a5
Nh8 29. Rf1 Nf7 30. Rf2 Kg6 31. Qd2 Qd8 32. Qd1 Qd7 33. Qd2 Qd8 34. Ra1 Ng5 35.
Bxg5 fxg5 36. Rxf8 Qxf8 37. Nc7 Ra7 38. Ne6 Bxe6 39. dxe6 Nc6 40. Bxg4 Qd8 41.
Rf1 Nd4 42. Qf2 b6 43. axb6 Rg7 44. Qf8 Qxf8 45. Rxf8 Rb7 46. Bf5+ Kg7 47. Rf7+
Rxf7 48. exf7 Kxf7 49. Bd7 1-0

[Event "Politiken Cup"]
[Site "Helsingor DEN"]
[Date "2008.07.24"]
[Round "7"]
[White "Kuzubov, Y."]
[Black "Savchenko, B."]
[Result "1-0"]
[WhiteElo "2578"]
[BlackElo "2578"]
[PlyCount "139"]
[EventDate "2008.07.19"]
[SourceDate "1999.07.01"]

1. d4 Nf6 2. c4 g6 3. Nc3 Bg7 4. e4 d6 5. Be2 O-O 6. Nf3 e5 7. Be3 c6 8. O-O
exd4 9. Bxd4 Re8 10. Qc2 Qe7 11. Rfe1 Nbd7 12. Rad1 Nc5 13. h3 a5 14. Bf1 Be6
15. Qc1 Rad8 16. Nd5 cxd5 17. exd5 Nfe4 18. dxe6 fxe6 19. Qc2 Bxd4 20. Nxd4 e5
21. Nb5 Ng5 22. h4 Nge6 23. g3 Nc7 24. Nc3 N7e6 25. Bg2 Kh8 26. Nb5 Nc7 27.
Nxc7 Qxc7 28. Rd5 Re6 29. Qd2 b6 30. Bh3 Ree8 31. Rd1 Qe7 32. Bg2 Ne6 33. Rxd6
Nd4 34. Rxd8 Rxd8 35. Qe3 Qc5 36. Bd5 Rxd5 37. cxd5 Qxd5 38. Rd3 Kg8 39. b3 Qc5
40. Qe4 Kg7 41. Kg2 h5 42. Re3 Kf6 43. Qa8 Nf5 44. Qh8+ Ke6 45. Qe8+ Kf6 46.
Rd3 Nd4 47. Qd7 b5 48. a3 b4 49. a4 Qb6 50. Qd5 Qe6 51. Qd8+ Kf7 52. Qc7+ Kf6
53. Qc5 Qf5 54. Re3 Qe6 55. Qf8+ Qf7 56. Qh8+ Qg7 57. Qd8+ Kf5 58. Qd5 Qc7 59.
Re4 Kf6 60. Re3 Nf5 61. Re1 Qc3 62. Re4 Qb2 63. Qxa5 Qxb3 64. Qxe5+ Kf7 65.
Qc7+ Kf6 66. Qb6+ Kg7 67. Qxb4 Qd5 68. Qc3+ Kh7 69. Qf3 Qc6 70. Rf4 1-0

[Event "Politiken Cup"]
[Site "Helsingor DEN"]
[Date "2008.07.27"]
[Round "10"]
[White "Nielsen, PH."]
[Black "Socko, B."]
[Result "1-0"]
[WhiteElo "2652"]
[BlackElo "2627"]
[PlyCount "113"]
[EventDate "2008.07.19"]
[SourceDate "1999.07.01"]

1. d4 Nf6 2. c4 g6 3. Nc3 Bg7 4. e4 d6 5. Nf3 O-O 6. Be2 e5 7. O-O Nc6 8. d5
Ne7 9. b4 Nh5 10. g3 f5 11. Ng5 Nf6 12. f3 c6 13. Be3 f4 14. Bf2 Bh6 15. Ne6
Bxe6 16. dxe6 fxg3 17. hxg3 Ne8 18. Qb3 Nc7 19. Rad1 Kh8 20. c5 d5 21. exd5
Nexd5 22. Nxd5 cxd5 23. b5 Bg7 24. Rfe1 Re8 25. b6 axb6 26. cxb6 Nxe6 27. Rxd5
Qg5 28. Bf1 h5 29. Bg2 h4 30. f4 Qg4 31. Bf3 Qh3 32. Bg2 Qg4 33. fxe5 hxg3 34.
Qxg3 Qxg3 35. Bxg3 Rxa2 36. Rd6 Nc5 37. Rxg6 Rb2 38. Rc1 Ne6 39. Bxb7 Rxb6 40.
Bd5 Nd4 41. Rxb6 Ne2+ 42. Kg2 Nxc1 43. Bf7 Rc8 44. e6 Bf6 45. Rb7 Ne2 46. Bh2
Rc2 47. e7 Nf4+ 48. Kf3 Bxe7 49. Bxf4 Bf6 50. Kg4 Rc5 51. Be6 Ra5 52. Bh6 Bc3
53. Bf5 Ra8 54. Kh5 Bd4 55. Rh7+ Kg8 56. Rd7 Ra5 57. Rxd4 1-0

[Event "TCh-ARM"]
[Site "Yerevan ARM"]
[Date "2008.06.21"]
[Round "5"]
[White "Lputian, S."]
[Black "Grigoryan, Av"]
[Result "1-0"]
[WhiteElo "2601"]
[BlackElo "2537"]
[PlyCount "82"]
[EventDate "2008.06.16"]
[SourceDate "1999.07.01"]

1. d4 Nf6 2. c4 g6 3. Nc3 Bg7 4. e4 d6 5. Nf3 O-O 6. Be2 e5 7. O-O Na6 8. Be3
Ng4 9. Bg5 Qe8 10. dxe5 dxe5 11. h3 f6 12. Bd2 Nh6 13. Be3 Nf7 14. c5 c6 15.
Bxa6 bxa6 16. Nd2 f5 17. f3 f4 18. Bf2 Qe6 19. Qe2 g5 20. Nc4 h5 21. Nd6 Nxd6
22. cxd6 Qxd6 23. Rad1 Qg6 24. Bc5 Re8 25. Rd6 Be6 26. Rxc6 Rac8 27. Rxc8 Rxc8
28. b4 g4 29. Nd5 Bxd5 30. exd5 gxh3 31. d6 Rd8 32. Rd1 Rd7 33. Qc4+ Kh7 34.
Rd2 Bf8 35. Qxa6 Qg3 36. Qf1 Rg7 37. d7 hxg2 38. Rxg2 Bxc5+ 39. bxc5 Qh4 40.
Qd3+ Kh6 41. Rxg7 Kxg7 1-0

[Event "Kings Gambit A"]
[Site "Lipetsk RUS"]
[Date "2008.07.16"]
[Round "8"]
[White "Zontakh, A."]
[Black "Sjugirov, S."]
[Result "1-0"]
[WhiteElo "2582"]
[BlackElo "2545"]
[PlyCount "57"]
[EventDate "2008.07.09"]
[SourceDate "1999.07.01"]

1. d4 Nf6 2. Nf3 g6 3. c4 Bg7 4. Nc3 O-O 5. e4 d6 6. Be2 e5 7. O-O Nc6 8. d5
Ne7 9. b4 Nh5 10. Re1 f5 11. Ng5 Nf6 12. f3 Nh5 13. c5 Kh8 14. Bc4 Nf4 15. Kh1
a5 16. b5 Ng8 17. Ne6 Bxe6 18. dxe6 fxe4 19. Nxe4 d5 20. Bxf4 dxe4 21. Qxd8
Rfxd8 22. Bg3 exf3 23. gxf3 Ne7 24. Rad1 Bf6 25. Rd7 Rxd7 26. exd7 Rd8 27. Be6
Kg7 28. f4 exf4 29. Bxf4 1-0

[Event "World Open"]
[Site "Philadelphia USA"]
[Date "2008.07.06"]
[Round "8"]
[White "Mikhalevski, V."]
[Black "Smirin, I."]
[Result "1/2-1/2"]
[WhiteElo "2592"]
[BlackElo "2637"]
[PlyCount "129"]
[EventDate "2008.07.02"]
[SourceDate "1999.07.01"]

1. d4 Nf6 2. c4 g6 3. Nc3 Bg7 4. e4 d6 5. Nf3 O-O 6. Be2 e5 7. O-O Nc6 8. d5
Ne7 9. b4 a5 10. bxa5 Rxa5 11. a4 c5 12. Bd2 Ra6 13. Rb1 Nd7 14. Qc1 Kh8 15.
Bg5 Bf6 16. Bh6 Bg7 17. Bg5 Bf6 18. Bd2 Bg7 19. Ra1 Nf6 20. Ra3 Ne8 21. Nb5 Nf6
22. Nc3 Ne8 23. Nb5 Nf6 24. Qb1 Nfg8 25. Bd1 Bh6 26. Bc3 Bg7 27. Bd2 Bh6 28.
Bc3 Bg7 29. Nd2 Nh6 30. Qa1 g5 31. Bc2 Ng6 32. Bb2 Nf4 33. Re1 f5 34. Nf1 fxe4
35. Bxe4 Ng4 36. f3 Nf6 37. Bc2 g4 38. fxg4 Nxg4 39. h3 Nxg2 40. hxg4 Qh4 41.
Re2 Nf4 42. Rh2 Qxg4+ 43. Kh1 Ne2 44. Nd2 Bf5 45. Bxf5 Rxf5 46. Qe1 Rh5 47. Rf3
Rxh2+ 48. Kxh2 Nf4 49. Qf2 Rxa4 50. Nxd6 Qh5+ 51. Kg1 Ra2 52. Rxf4 Qg5+ 53. Kf1
Qxf4 54. Qxf4 exf4 55. Bxg7+ Kxg7 56. N2e4 Rc2 57. Nxc5 b5 58. Ne6+ Kf6 59.
cxb5 Ke5 60. Nf7+ Kxd5 61. Nxf4+ Kc5 62. Ne6+ Kb6 63. Nd6 h5 64. Nd4 Rc5 65.
N6f5 1/2-1/2

[Event "8th TCh-Euro U18"]
[Site "Szeged HUN"]
[Date "2008.06.17"]
[Round "4"]
[White "Salgado Lopez, I."]
[Black "Saric, Iv"]
[Result "1/2-1/2"]
[WhiteElo "2501"]
[BlackElo "2500"]
[PlyCount "101"]
[EventDate "2008.06.14"]
[SourceDate "1999.07.01"]

1. d4 Nf6 2. c4 g6 3. Nc3 Bg7 4. e4 d6 5. Nf3 O-O 6. Be2 e5 7. d5 a5 8. O-O Na6
9. Bg5 Qe8 10. Nd2 Kh8 11. a3 Bd7 12. b3 Ng8 13. Rb1 f5 14. f3 f4 15. Bh4 g5
16. Bf2 Nf6 17. b4 axb4 18. axb4 b6 19. Kh1 Qg6 20. Qb3 g4 21. fxg4 Nxg4 22.
Bxg4 Bxg4 23. Nf3 Bf6 24. Bg1 Rg8 25. Qc2 Raf8 26. Qe2 Rg7 27. Rb2 Nb8 28. Nb5
Rfg8 29. c5 bxc5 30. bxc5 dxc5 31. Bxc5 c6 32. Nc3 cxd5 33. Nxd5 Nc6 34. Rb6
Bd8 35. Ra6 Qe8 36. Rg1 Rg6 37. Ra3 Be7 38. Nxe7 Nxe7 39. Qb2 Nc6 40. Nh4 Rh6
41. Bf2 Qe7 42. Ra6 Qg7 43. Qc3 Bd7 44. Nf3 Re6 45. Nxe5 Qxe5 46. Rxc6 Qxc3 47.
Rxc3 Rge8 48. Rc7 Bc6 49. Rf1 Kg8 50. Bd4 Rxe4 51. Bc3 1/2-1/2

[Event "TCh-ISR"]
[Site "Israel ISR"]
[Date "2008.01.04"]
[Round "2"]
[White "Khenkin, I."]
[Black "Sutovsky, E."]
[Result "1/2-1/2"]
[WhiteElo "2609"]
[BlackElo "2630"]
[PlyCount "53"]
[EventDate "2008.04.01"]
[SourceDate "1999.07.01"]

1. Nf3 Nf6 2. c4 g6 3. Nc3 Bg7 4. e4 d6 5. d4 O-O 6. Be2 e5 7. dxe5 dxe5 8.
Qxd8 Rxd8 9. Bg5 Re8 10. Nd5 Nxd5 11. cxd5 c6 12. Bc4 b5 13. Bb3 a5 14. a4 bxa4
15. Bxa4 Bd7 16. dxc6 Bxc6 17. O-O Bxa4 18. Rxa4 Nd7 19. Bd2 Nc5 20. Rxa5 Nxe4
21. Bb4 Rxa5 22. Bxa5 Rb8 23. Bc7 Rb5 24. Re1 Nc5 25. Nxe5 Ne6 26. Bd6 Rxb2 27.
Nf3 1/2-1/2

[Event "TCh-HUN 2007-8"]
[Site "Budapest HUN"]
[Date "2007.11.11"]
[Round "2"]
[White "Gonda, L."]
[Black "Kotronias, V."]
[Result "1-0"]
[WhiteElo "2502"]
[BlackElo "2614"]
[PlyCount "89"]
[EventDate "2007.10.14"]
[SourceDate "1999.07.01"]

1. d4 Nf6 2. c4 g6 3. Nc3 Bg7 4. e4 d6 5. Nf3 O-O 6. Be2 e5 7. O-O Nc6 8. Be3
Re8 9. dxe5 dxe5 10. Qxd8 Nxd8 11. Nb5 Ne6 12. Ng5 Re7 13. Rfd1 b6 14. a4 c6
15. Nd6 Nf4 16. Bf1 h6 17. Ngxf7 Rxf7 18. Nxf7 Kxf7 19. a5 bxa5 20. c5 Ne6 21.
Bc4 Nxe4 22. Rxa5 Ke7 23. f3 Nf6 24. Rd6 Nd8 25. Ra3 Bd7 26. b4 Nf7 27. Rd2 Be6
28. Bxe6 Kxe6 29. Ra6 Rc8 30. b5 Ne8 31. bxc6 Nc7 32. Rxa7 Bf6 33. Rd7 Bd8 34.
Bd2 h5 35. Rb7 e4 36. Bf4 Ne5 37. Rd6+ Kf5 38. Bxe5 Kxe5 39. Rxd8 Rxd8 40. Rxc7
Rd1+ 41. Kf2 Rc1 42. fxe4 Kxe4 43. Rc8 Kd5 44. Rg8 Rc2+ 45. Kg3 1-0

[Event "TCh-HUN 2007-8"]
[Site "Budapest HUN"]
[Date "2008.03.30"]
[Round "9"]
[White "Gyimesi, Z."]
[Black "Sikula, V."]
[Result "1/2-1/2"]
[WhiteElo "2610"]
[BlackElo "2550"]
[PlyCount "80"]
[EventDate "2007.10.14"]
[SourceDate "1999.07.01"]

1. d4 Nf6 2. c4 g6 3. Nc3 Bg7 4. e4 d6 5. Nf3 O-O 6. Be2 e5 7. O-O Nc6 8. d5
Ne7 9. b4 Nh5 10. Qc2 a5 11. bxa5 Rxa5 12. Rd1 Nf4 13. Bxf4 exf4 14. Nd4 g5 15.
Rac1 Ng6 16. Ncb5 Bd7 17. h3 Ne5 18. c5 f3 19. gxf3 dxc5 20. Qxc5 c6 21. Ne6
fxe6 22. dxe6 cxb5 23. exd7 Kh8 24. Rd5 Nxd7 25. Qd6 Rxa2 26. Kf1 Rf7 27. Rc7
b4 28. Rxd7 Rxd7 29. Qxd7 Qxd7 30. Rxd7 Bc3 31. Rxb7 Rb2 32. Rb5 Rb1+ 33. Kg2
b3 34. Bd3 Rd1 35. Be2 Rb1 36. Bd3 Rd1 37. Rb8+ Kg7 38. Rb7+ Kf8 39. Be2 Rb1
40. Bd3 Rd1 1/2-1/2

[Event "TCh-HUN 2007-8"]
[Site "Budapest HUN"]
[Date "2008.05.18"]
[Round "11"]
[White "Gyimesi, Z."]
[Black "Nevednichy, V."]
[Result "1/2-1/2"]
[WhiteElo "2610"]
[BlackElo "2531"]
[PlyCount "80"]
[EventDate "2007.10.14"]
[SourceDate "1999.07.01"]

1. d4 g6 2. e4 Bg7 3. c4 d6 4. Nc3 Nf6 5. Nf3 O-O 6. Be2 e5 7. O-O Nbd7 8. Be3
Re8 9. Qc2 Ng4 10. Bg5 Bf6 11. Bxf6 Ngxf6 12. Rad1 c6 13. b4 Qe7 14. d5 cxd5
15. cxd5 Nb6 16. Nd2 Bg4 17. Bxg4 Nxg4 18. Qd3 Rec8 19. Rc1 a6 20. a4 Rc7 21.
f3 Nf6 22. a5 Nbd7 23. Ne2 Rac8 24. Qa3 Ne8 25. Rxc7 Rxc7 26. Rc1 Qg5 27. Rxc7
Nxc7 28. Qc3 Qd8 29. Qc4 Nb5 30. Nb1 h5 31. Nbc3 Nxc3 32. Qxc3 b6 33. axb6
Qxb6+ 34. Kf1 Nf6 35. h4 Kf8 36. Qc4 Ne8 37. Nc3 Qe3 38. Ne2 Qb6 39. Nc3 Qe3
40. Ne2 Qb6 1/2-1/2

[Event "TCh-FRA Top 16 Poule Haute"]
[Site "Evry FRA"]
[Date "2008.05.29"]
[Round "8"]
[White "Chuchelov, V."]
[Black "Kasimdzhanov, R."]
[Result "1/2-1/2"]
[WhiteElo "2554"]
[BlackElo "2681"]
[PlyCount "187"]
[EventDate "2008.05.29"]
[SourceDate "1999.07.01"]

1. c4 Nf6 2. Nf3 g6 3. Nc3 Bg7 4. e4 d6 5. d4 O-O 6. Be2 e5 7. O-O Nc6 8. d5
Ne7 9. Nd2 a5 10. a3 Bd7 11. b3 c6 12. Ra2 Qb8 13. Rc2 Rd8 14. Kh1 Be8 15. Ndb1
b5 16. cxb5 cxb5 17. b4 axb4 18. axb4 Rc8 19. Be3 Bd7 20. f3 Nh5 21. Re1 f5 22.
Ra2 Rxa2 23. Nxa2 Nf6 24. Nac3 f4 25. Bf2 g5 26. Bd3 g4 27. Qe2 g3 28. hxg3 Nh5
29. g4 Ng3+ 30. Bxg3 fxg3 31. Qe3 Ng6 32. Ne2 Rf8 33. Nxg3 Qd8 34. Kg1 Nf4 35.
Bf1 Bh6 36. Qf2 Kh8 37. Nc3 Bxg4 38. fxg4 Nh3+ 39. gxh3 Rxf2 40. Kxf2 Qb6+ 41.
Kg2 Bd2 42. Ra1 Bxc3 43. Ra8+ Kg7 44. Nf5+ Kf7 45. Nh6+ Ke7 46. Ng8+ Kd7 47.
Nf6+ Kc7 48. Ne8+ Kb7 49. Ra5 Qe3 50. Nxd6+ Kb8 51. Rxb5+ Kc7 52. Nf5 Qxe4+ 53.
Kh2 Qf4+ 54. Kg1 Bd4+ 55. Nxd4 exd4 56. d6+ Kxd6 57. Rh5 d3 58. Bxd3 Qg3+ 59.
Kh1 Qxd3 60. b5 Kc7 61. Kg2 Kb6 62. Rf5 Ka5 63. b6+ Kb4 64. Rf4+ Kc5 65. Rf5+
Kd4 66. Rf4+ Ke5 67. Rf5+ Ke4 68. b7 Qb3 69. Rf7 h6 70. Re7+ Kf4 71. Rf7+ Kg5
72. Rh7 Kg6 73. Rd7 h5 74. gxh5+ Kxh5 75. Rh7+ Kg6 76. Re7 Kf6 77. Rd7 Ke6 78.
Rg7 Kd5 79. h4 Ke4 80. Rg4+ Kf5 81. Rg7 Kf6 82. Rd7 Kg6 83. Kf2 Kh5 84. Rh7+
Kg6 85. Rd7 Kh5 86. Rh7+ Kg4 87. Ke2 Kf5 88. h5 Kg5 89. Kd2 Qb2+ 90. Kd3 Qb3+
91. Kd4 Qb4+ 92. Kd5 Qb5+ 93. Kd6 Qb6+ 94. Kd5 1/2-1/2

[Event "III President's Cup"]
[Site "Baku AZE"]
[Date "2008.05.18"]
[Round "7"]
[White "Beliavsky, A."]
[Black "Abbasov, F."]
[Result "0-1"]
[WhiteElo "2641"]
[BlackElo "2528"]
[PlyCount "76"]
[EventDate "2008.05.12"]
[SourceDate "1999.07.01"]

1. d4 Nf6 2. c4 g6 3. Nc3 Bg7 4. e4 d6 5. Nf3 O-O 6. Be2 e5 7. O-O Nc6 8. d5
Ne7 9. Nd2 c5 10. Rb1 Ne8 11. b4 b6 12. bxc5 bxc5 13. Qa4 f5 14. Nb3 a5 15. Bg5
h6 16. Bxe7 Qxe7 17. Nd2 Nf6 18. Rb6 Bd7 19. Qc2 h5 20. Rfb1 Bh6 21. Rb7 Rf7
22. R1b6 Raf8 23. exf5 gxf5 24. Nb5 Bxd2 25. Qxd2 Ne4 26. Qh6 Rh7 27. Qe3 Rg7
28. Bd3 Ng5 29. f4 Ne4 30. fxe5 dxe5 31. Rb8 Ng5 32. Rxf8+ Qxf8 33. Be2 f4 34.
Qxe5 f3 35. Rb8 Nh3+ 36. Kf1 fxg2+ 37. Ke1 g1=Q+ 38. Kd2 Qg5+ 0-1

[Event "ch-Catalunya 3rd-4th"]
[Site "Barcelona ESP"]
[Date "2008.05.23"]
[Round "4.1"]
[White "Oms Pallise, J."]
[Black "Lopez Martinez, Josep"]
[Result "1/2-1/2"]
[WhiteElo "2524"]
[BlackElo "2576"]
[PlyCount "57"]
[EventDate "2008.05.17"]
[SourceDate "1999.07.01"]

1. d4 Nf6 2. c4 g6 3. Nc3 Bg7 4. e4 d6 5. Be2 O-O 6. Nf3 e5 7. O-O Nc6 8. d5
Ne7 9. Nd2 a5 10. Rb1 Bd7 11. a3 a4 12. b4 axb3 13. Rxb3 b6 14. a4 Ne8 15. Ra3
c5 16. dxc6 Nxc6 17. Nb3 Qb8 18. Be3 Bf6 19. Bg4 Be6 20. Bxe6 fxe6 21. Qg4 Ng7
22. Rd1 Rc8 23. Nb5 Be7 24. Raa1 Nd8 25. Qe2 Rc6 26. g3 Nb7 27. h4 Ra6 28. Rdb1
Qa8 29. Nc3 1/2-1/2

[Event "17th Open"]
[Site "Chicago USA"]
[Date "2008.05.24"]
[Round "3"]
[White "Yermolinsky, A."]
[Black "Becerra Rivero, J."]
[Result "1-0"]
[WhiteElo "2518"]
[BlackElo "2575"]
[PlyCount "85"]
[EventDate "2008.05.23"]
[SourceDate "1999.07.01"]

1. d4 Nf6 2. c4 g6 3. Nc3 Bg7 4. e4 d6 5. Nf3 O-O 6. Be2 e5 7. O-O Nc6 8. d5
Ne7 9. Ne1 Nd7 10. Be3 f5 11. f3 f4 12. Bf2 g5 13. Rc1 Ng6 14. c5 Nxc5 15. b4
Na6 16. Nb5 Bd7 17. Nxa7 Rf7 18. a4 h5 19. Nb5 Bf8 20. Nd3 Rg7 21. Kh1 Nh4 22.
g3 fxg3 23. Bxg3 Ng6 24. Rg1 Qf6 25. Qd2 Rc8 26. Bf2 Be7 27. Be3 Nh4 28. Bxg5
Qxg5 29. Rxg5 Bxg5 30. f4 Bh6 31. Rg1 Rxg1+ 32. Kxg1 Kh7 33. Kf2 Rg8 34. Bf3
Bh3 35. Qc3 Nxf3 36. Kxf3 Bg2+ 37. Ke2 Bxe4 38. fxe5 Rf8 39. exd6 cxd6 40. Nxd6
Bxd5 41. Ne5 Kg8 42. b5 Nb8 43. Qd3 1-0

[Event "ch-Moscow"]
[Site "Moscow RUS"]
[Date "2008.05.18"]
[Round "7"]
[White "Rychagov, A."]
[Black "Savchenko, B."]
[Result "0-1"]
[WhiteElo "2565"]
[BlackElo "2569"]
[PlyCount "122"]
[EventDate "2008.05.12"]
[SourceDate "1999.07.01"]

1. d4 g6 2. c4 Nf6 3. Nf3 Bg7 4. Nc3 O-O 5. e4 d6 6. Be2 e5 7. Be3 Nc6 8. d5
Ne7 9. Nd2 c5 10. g4 Ne8 11. f3 f5 12. Qc2 Bf6 13. O-O-O Bh4 14. Bh6 Rf6 15. g5
Rf7 16. f4 Bf2 17. fxe5 dxe5 18. Nf3 fxe4 19. Nxe4 Be3+ 20. Kb1 Rf4 21. Nf6+
Rxf6 22. gxf6 Bxh6 23. fxe7 Qxe7 24. Bd3 Bg4 25. Qg2 Bxf3 26. Qxf3 Nd6 27. Qh3
Kg7 28. Qe6 Re8 29. Qxe7+ Rxe7 30. Rhf1 Bf4 31. h3 g5 32. Rde1 h5 33. b3 e4 34.
Be2 Kg6 35. Bd1 Nf5 36. Bc2 Ng3 37. Rf3 Kf5 38. Rf2 Re8 39. Rd1 Kf6 40. Re1 h4
41. Bd1 e3 42. Rg2 Re4 43. Bg4 Rd4 44. Kc2 Ke5 45. Bf3 Ne4 46. Bxe4 Kxe4 47.
Rf1 a6 48. a4 b6 49. Re2 Bg3 50. Rg2 Bf4 51. Re2 b5 52. cxb5 axb5 53. Rd1 bxa4
54. bxa4 Rxa4 55. Kb3 Rd4 56. Kc2 Kxd5 57. Rxd4+ Kxd4 58. Kd1 g4 59. hxg4 h3
60. Kc2 h2 61. Re1 Bg3 0-1

[Event "IX EICC"]
[Site "Plovdiv BUL"]
[Date "2008.04.29"]
[Round "8"]
[White "L'Ami, E."]
[Black "Bologan, V."]
[Result "1-0"]
[WhiteElo "2600"]
[BlackElo "2665"]
[PlyCount "69"]
[EventDate "2008.04.21"]
[SourceDate "1999.07.01"]

1. d4 Nf6 2. c4 g6 3. Nc3 Bg7 4. e4 d6 5. Nf3 O-O 6. Be2 e5 7. O-O Nc6 8. d5
Ne7 9. b4 Nh5 10. Re1 a5 11. bxa5 Rxa5 12. Nd2 Nf4 13. Bf1 b6 14. a4 Bd7 15.
Nb3 Ra8 16. a5 bxa5 17. Rxa5 Rxa5 18. Nxa5 Qb8 19. Nb5 f5 20. Bxf4 exf4 21.
exf5 Nxf5 22. Nc6 Qb6 23. Ne7+ Kf7 24. Nxf5 Bxf5 25. Qd2 f3 26. g3 Bd7 27. c5
dxc5 28. d6 Kg8 29. Nxc7 Bd4 30. Ne6 Rf6 31. Nxd4 cxd4 32. Qa2+ Kh8 33. Re7 Qd8
34. Qd5 Bf5 35. d7 1-0

[Event "IX EICC"]
[Site "Plovdiv BUL"]
[Date "2008.04.29"]
[Round "8"]
[White "Popov, Val"]
[Black "Fedorov, Alex"]
[Result "1-0"]
[WhiteElo "2525"]
[BlackElo "2603"]
[PlyCount "73"]
[EventDate "2008.04.21"]
[SourceDate "1999.07.01"]

1. d4 Nf6 2. Nf3 g6 3. c4 Bg7 4. Nc3 d6 5. e4 O-O 6. Be2 e5 7. O-O Nc6 8. d5
Ne7 9. Nd2 c5 10. Rb1 Ne8 11. b4 b6 12. bxc5 bxc5 13. Qa4 f5 14. Nb3 Nf6 15. f3
a5 16. Be3 Bd7 17. Qa3 a4 18. Nxc5 dxc5 19. Bxc5 Rf7 20. Be3 Bf8 21. c5 f4 22.
Bf2 g5 23. Bc4 g4 24. d6 Ng6 25. Rb7 Be8 26. Rd1 gxf3 27. gxf3 Qc8 28. Qb4 Qh3
29. d7 Ng4 30. fxg4 f3 31. Bf1 Qxg4+ 32. Kh1 Bxd7 33. h3 Qe6 34. Rdxd7 Qxd7 35.
Rxd7 Rxd7 36. Nd5 Kh8 37. Qc3 1-0

[Event "IX EICC"]
[Site "Plovdiv BUL"]
[Date "2008.05.01"]
[Round "10"]
[White "Wojtaszek, R."]
[Black "Szabo, G ROM."]
[Result "1-0"]
[WhiteElo "2625"]
[BlackElo "2516"]
[PlyCount "75"]
[EventDate "2008.04.21"]
[SourceDate "1999.07.01"]

1. d4 Nf6 2. Nf3 g6 3. c4 Bg7 4. Nc3 O-O 5. e4 d6 6. Be2 e5 7. Be3 Ng4 8. Bg5
f6 9. Bc1 Nc6 10. d5 Ne7 11. h3 Nh6 12. h4 Nf7 13. h5 f5 14. hxg6 hxg6 15. Ng5
f4 16. Nh7 Re8 17. g3 Nh6 18. Rxh6 Bxh6 19. Nf6+ Kf7 20. Nxe8 Qxe8 21. gxf4
exf4 22. Bd2 Ng8 23. Qc2 Bd7 24. O-O-O a6 25. Bf3 Qe7 26. Rh1 Rf8 27. Ne2 Ke8
28. Nd4 Kd8 29. e5 Bg7 30. exd6 Qxd6 31. c5 Qe7 32. Re1 Bxd4 33. Rxe7 Nxe7 34.
c6 bxc6 35. dxc6 Bf5 36. Qc4 Bxf2 37. Bxf4 Rf6 38. Qc3 1-0

[Event "26th Metz Open"]
[Site "Metz St Symphorien FRA"]
[Date "2008.04.26"]
[Round "8"]
[White "Feller, S."]
[Black "Shchekachev, A."]
[Result "0-1"]
[WhiteElo "2540"]
[BlackElo "2520"]
[PlyCount "54"]
[EventDate "2008.04.19"]
[SourceDate "1999.07.01"]

1. d4 Nf6 2. c4 g6 3. Nc3 Bg7 4. e4 d6 5. Nf3 O-O 6. Be2 e5 7. Be3 Nbd7 8. O-O
Re8 9. Qc2 exd4 10. Nxd4 c6 11. Rad1 Qe7 12. f3 a6 13. Bf2 Ne5 14. Qd2 Qc7 15.
Rc1 Qb8 16. Rfd1 b5 17. cxb5 axb5 18. Nxc6 Nxc6 19. Nxb5 Bd7 20. Nxd6 Rd8 21.
Bc4 Ne5 22. Bb3 Be6 23. Bxe6 fxe6 24. Bh4 Ra6 25. Bxf6 Raxd6 26. Bxd8 Rxd2 27.
Rxd2 Bh6 0-1

[Event "IX EICC"]
[Site "Plovdiv BUL"]
[Date "2008.04.22"]
[Round "2"]
[White "Gustafsson, J."]
[Black "Jankovic, A."]
[Result "1-0"]
[WhiteElo "2603"]
[BlackElo "2528"]
[PlyCount "49"]
[EventDate "2008.04.21"]
[SourceDate "1999.07.01"]

1. d4 Nf6 2. c4 g6 3. Nc3 Bg7 4. e4 d6 5. Nf3 O-O 6. Be2 e5 7. O-O c6 8. Qc2
Qe7 9. Rd1 Bg4 10. Be3 Na6 11. h3 exd4 12. Rxd4 Bxf3 13. Bxf3 Nc5 14. Rad1 Ne8
15. R4d2 Ne6 16. Bg4 h5 17. Bxe6 fxe6 18. c5 Be5 19. cxd6 Nxd6 20. Ne2 Nf7 21.
f4 Bg7 22. Rd7 Qf6 23. e5 Qf5 24. Qxf5 gxf5 25. Rxb7 1-0